• 首页
  • 本馆介绍
  • 公告通知
  • 最新文献
  • 馆藏检索
  • 电子资源
  • 读者导购
  • 参考咨询
  • 我的图书馆
  • 登录
  • 详细信息显示
  • 放入我的书架
  • 预约/预借图书
  • 作者相关作品
  • 分类相关作品
  • 丛书相关作品
  • 出版社相关作品

书目信息

  • 表格格式
  • 工作单格式
  • 卡片格式
题名:
沟通谈判得天下
    
 
作者: 王丹姝 主编
分册:  
出版信息: 北京   中国法制出版社  2018
页数: 209页
开本: 24cm
丛书名: 大律师职业规划私塾课
单 册:
中图分类: D916.5
科图分类:
主题词: 律师--lu^ shi--谈判学
电子资源:
ISBN: 978-7-5093-7940-0
000 01047nam 2200289 450
001 012001006801
005 20140101162235.0
010    @a978-7-5093-7940-0@dCNY49.00
099    @aCAL 012019009710
100    @a20181128d2018 em y0chiy50 ea
101 0  @achi
102    @aCN@b110000
105    @aa z 000yy
106    @ar
200 1  @a沟通谈判得天下@Agou tong tan pan de tian xia@d= The lawyer@f王丹姝 ... [等] 主编@zeng
210    @a北京@c中国法制出版社@d2018
215    @a209页@c图@d24cm
225 2  @a大律师职业规划私塾课@Ada lu^ shi zhi ye gui hua si shu ke
314    @a王丹姝, 辽宁秀文律师事务所律师等职。
330    @a本书分为金牌律师的不二法门、有效沟通的必由之路和从容谈判的战斗艺术三章, 主要内容有: 未来律师必备素养一览 ; 时代新型律师三句箴言 ; 成为说话高手 ; 强化个人风格等。
410  0 @12001 @a大律师职业规划私塾课
510 1  @aLawyer@zeng
606 0  @a律师@Alu^ shi@x谈判学
690    @aD916.5@v5
701  0 @a王丹姝@Awang dan shu@4主编
801  0 @aCN@b上海新华@c20191020
905    @b1132270-3@dD916.5@e862@f4
    
    沟通谈判得天下= The lawyer/王丹姝 ... [等] 主编.-北京:中国法制出版社,2018
    209页:图;24cm.-(大律师职业规划私塾课)
    
    
    ISBN 978-7-5093-7940-0:CNY49.00
    本书分为金牌律师的不二法门、有效沟通的必由之路和从容谈判的战斗艺术三章, 主要内容有: 未来律师必备素养一览 ; 时代新型律师三句箴言 ; 成为说话高手 ; 强化个人风格等。
●
相关链接 在E读中查询图书 在五车中查询图书 在当当中查询图书 在豆瓣中查询图书


正题名:沟通谈判得天下     索取号:D916.5/862         预约/预借

序号 登录号 条形码 馆藏地/架位号 状态 备注
1 1132270   211322709   第一样本阅览室/ [索取号:D916.5/862] 在馆    
2 1132271   211322718   第一借阅区/ [索取号:D916.5/862] 在馆    
3 1132272   211322727   第一借阅区/ [索取号:D916.5/862] 在馆    
4 1132273   211322736   第一借阅区/ [索取号:D916.5/862] 在馆    
唐山师范学院图书馆 欢迎您!
大连网信软件有限公司© 版权所有